| 000 | 01074nam a2200289 a 4500 | ||
|---|---|---|---|
| 001 | 55519 | ||
| 003 | BD-RjUL | ||
| 005 | 20211209080258.0 | ||
| 008 | 161119s1963 enk 000 0 eng | ||
| 035 | _a(BD-RjUL)55642 | ||
| 040 |
_aDLC _cDLC _beng |
||
| 041 | _aeng | ||
| 082 |
_223 _a822.33 _bKNI 1963 |
||
| 100 | 1 |
_aKnight, George Wilson, _d1897- _9163437 |
|
| 245 | 1 | 4 |
_aThe imperial theme : _bfurther interpretations of Shakespeare's tragedies, including the Roman plays / _cby G. Wilson Knight. |
| 260 |
_aNew York : _bBarnes & Noble, _c1931 [reprinted 1963] |
||
| 300 |
_axiii, 367 p. ; _c23 cm. |
||
| 500 |
_aLC copy in dust jacket. _5DLC |
||
| 561 | _5DLC | ||
| 600 | 1 | 0 |
_aShakespeare, William, _d1564-1616 _xTragedies. _9162823 |
| 600 | 1 | 0 |
_aShakespeare, William, _d1564-1616 _xKnowledge _xRome. _9165374 |
| 650 | 0 |
_aImperialism in literature. _9165375 |
|
| 651 | 0 |
_aRome _xIn literature. _9165376 |
|
| 710 | 2 |
_aRouben Mamoulian Collection (Library of Congress) _5DLC _9143186 |
|
| 942 |
_2ddc _cBK |
||
| 999 |
_c55519 _d55519 |
||